All About Kierin - Statistics

General Stats
  • This quiz has been taken 7 times
  • The average score is 12 of 15
Answer Stats
Question Answer % Correct
How much older is my sister than me 10 years / One decade
100%
Name one of my favorite music artists. Lana Del Rey / Elvis Presley / Tyler, the Creator / Clairo / Earl Sweatshirt / The Beatles
100%
When is my birthday? March 31 / 2011
100%
Do I live on Lockwood Avenue? No
100%
What instrument do I play in orchestra? Viola
100%
Is my dad bald? Yes
100%
What do I collect? Calico Critters / CDs / Talking stages
80%
Where did my dad put my hamster after she died? Freezer
80%
What is kitty’s name? Pretzel
80%
Is my mom shorter or taller than me? Shorter
80%
What is my brother’s name? Tristan
80%
Where am I flying to this summer? California
60%
Who is my best friend? Sofia
60%
Who did I print a photo out of and put on my wall? Noah James
40%
What is my childhood bear’s name? Tedey
20%
No matching quizzes found
Score Distribution
Percent of People with Each Score
Percentile by Number Answered
Your Score History
You have not taken this quiz